000 02657nam0a2200421 i 4500
001 RU\NLR\BIBL_A\011188073
005 20260407075127.0
010 _a9785990840119
_9100
021 _aRU
_b2016-54547
_93465
035 _a(NILC)RuMoRGB-008544915
035 _a(NLR Aleph) 011188073
090 _a11852863
_c11852863
100 _a20160803d2016 km y0rusy50 ca
101 0 _arus
102 _aRU
_aRU
105 _ay|||z||||01yy
200 1 _aПравоохранительная и контрольно-надзорная деятельность в сфере строительства и транспорта
_eмонография
_f[Григонис Э. П., д. ю. н.. проф., Иванов Д. В., к. ю. н., Калинович А. Э., к. ю. н., доц. и др.
_gпод ред. Э. П. Григониса, В. М. Чибинёва]
_gСанкт-Петербургский гос. архитектурно-строит. ун-т, Каф. уголовного права и уголовного процесса, Каф. судебных экспертиз и криминалистики
210 _aСанкт-Петербург
_cМНИОЦ
_d2016
215 _a213 с.
_d21
300 _aАвт. указаны на 3-й с. текста
320 _aБиблиогр.: с. 153-171 и в подстроч. примеч.
606 1 _aПреступления в сфере строительства
_xПредупреждение
_yРоссийская Федерация
_92516451
_3RU\NLR\AUTH\661491454
606 1 _aАвтомобильный транспорт
_xАварии и происшествия
_xПредупреждение
_yРоссийская Федерация
_92598912
_3RU\NLR\AUTH\661535470
610 0 _aправоохранительная деятельность
610 0 _aконтрольно-надзорная деятельность
675 _a351/354
686 1 _aХ628.322.16
686 1 _aХ628.322.201.6
701 1 _aГригонис
_bЭ. П.
_f1961-
_gЭугениюс Пранович
701 1 _7ca
_8rus
_aИванов
_bД. В.
_cканд. юрид. наук
_gДмитрий Викторович
_999456
_3RU\NLR\AUTH\77116531
701 1 _aКалинович
_bА. Э.
_gАлександр Эдуардович
712 0 2 _4570
_aСанкт-Петербургский государственный архитектурно-строительный университет
_9279437
_3RU\NLR\AUTH\884043
801 0 _aRU
_bРГБ
_c20160711
_gRCR
942 _cBOOK
980 _aNBR